Name All 8 Planets - Statistics

General Stats
  • This quiz has been taken 24 times
  • The average score is 9 of 9
Answer Stats
Hint Answer % Correct
The Largest Planet Jupiter
100%
The Red Planet Mars
100%
The Windiest Planet Neptune
100%
The Demoted Planet Pluto
100%
The Planet With VastRings Saturn
100%
The Habitable Planet Earth
96%
The Sideways Planet Uranus
96%
The Hottest Planet Venus
96%
The Closest To The Sun Mercury
91%
No matching quizzes found
Score Distribution
Percent of People with Each Score
Percentile by Number Answered
Your Score History
You have not taken this quiz